عرض عادي
عرض مارك
- Wrigley, Cara
دخول Personal Name
001 - CONTROL NUMBER
- control field: 14018
003 - CONTROL NUMBER IDENTIFIER
- control field: AE-AdECS
005 - DATE AND TIME OF LATEST TRANSACTION
- control field: 20250408122837.0
008 - FIXED-LENGTH DATA ELEMENTS
- fixed length control field: 250408|| aca||aabn | a|a d
040 ## - CATALOGING SOURCE
- Original cataloging agency: AE-AdECS
- Transcribing agency: AE-AdECS
100 ## - HEADING--PERSONAL NAME
- Personal name: Wrigley, Cara
670 ## - SOURCE DATA FOUND
- Source citation: Work cat.: (AE-AdECS)289847: Wrigley, Cara, author., Creativity in military complexity :
